书目信息 |
| 题名: |
“习惯”成就“阅读”
|
|
| 作者: | 孙琳 主编 | |
| 分册: | ||
| 出版信息: | 上海 文汇出版社 2020.9 |
|
| 页数: | 195页 | |
| 开本: | 23cm | |
| 丛书名: | ||
| 单 册: | ||
| 中图分类: | G623.232 | |
| 科图分类: | ||
| 主题词: | 阅读课--教学研究--小学 | |
| 电子资源: | ||
| ISBN: | 978-7-5496-3236-7 | |
| 000 | 00961nam0 2200253 45 | |
| 001 | 012001001682 | |
| 005 | 20140821111224.0 | |
| 010 | @a978-7-5496-3236-7@dCNY40.00 | |
| 100 | @a20201116d2020 em y0chiy0110 ea | |
| 101 | 0 | @achi |
| 102 | @aCN@b310000 | |
| 105 | @ay z 000yy | |
| 106 | @ar | |
| 200 | 1 | @a“习惯”成就“阅读”@A“ xi guan ” cheng jiu “ yue du ”@e上海市民办童园(实验)小学阅读养成12个“金点子”@f孙琳主编 |
| 210 | @a上海@c文汇出版社@d2020.9 | |
| 215 | @a195页@d23cm | |
| 300 | @a其他题名:上海市民办童园(实验)小学阅读养成12个“金点子” | |
| 330 | @a本书围绕小学生阅读的主题,以阅读习惯培养为切入点,归纳阐述了体现童园特色的12个阅读习惯的“金点子”,是引导小学生学会阅读、指导老师如何引导阅读的好帮手。 | |
| 517 | 1 | @a上海市民办童园(实验)小学阅读养成12个“金点子” |
| 606 | 0 | @a阅读课@x教学研究@x小学 |
| 690 | @aG623.232@v5 | |
| 701 | 0 | @a孙琳@Asun lin@4主编 |
| 801 | @aCN@bAHXH@c20210922 | |
| 905 | @b1249165-9@dG623.232@e1444@f5 | |
| “习惯”成就“阅读”:上海市民办童园(实验)小学阅读养成12个“金点子”/孙琳主编.-上海:文汇出版社,2020.9 |
| 195页;23cm |
| 其他题名:上海市民办童园(实验)小学阅读养成12个“金点子” |
| ISBN 978-7-5496-3236-7:CNY40.00 |
| 本书围绕小学生阅读的主题,以阅读习惯培养为切入点,归纳阐述了体现童园特色的12个阅读习惯的“金点子”,是引导小学生学会阅读、指导老师如何引导阅读的好帮手。 |
| ● |
| 相关链接 |
|
|
|
|
正题名:"习惯"成就"阅读"
索取号:G623.232/1444
 
预约/预借
| 序号 | 登录号 | 条形码 | 馆藏地/架位号 | 状态 | 备注 |
| 1 | 1249165 | 212491659 | 第一样本阅览室/ [索取号:G623.232/1444] | 在馆 | |
| 2 | 1249166 | 212491668 | 教育系资料室/ [索取号:G623.232/1444] | 在馆 | |
| 3 | 1249167 | 212491677 | 教育系资料室/ [索取号:G623.232/1444] | 在馆 | |
| 4 | 1249168 | 212491686 | 第四借阅区/ [索取号:G623.232/1444] | 在馆 | |
| 5 | 1249169 | 212491695 | 第四借阅区/ [索取号:G623.232/1444] | 在馆 |